000 00313 a2200145 4500
001 161536
020 _a
040 _cMagnum
100 _aCesar, Jasiel
240 1 0 _aA revolucao silenciosa do voto
_lpor
245 1 0 _aA revolucao silenciosa do voto
362 0 _a1899
697 _aLEGISLACAO
942 _cBK
999 _c161536
_d161536